000 01325naa a22003377a 4500
001 BR7806635
003 BR-BrBNA
005 20240918174240.0
007 ta
008 230509b bl.||||| |||| 00| 0 por d
040 _aBR-BrBNA
_bpor
_cBiblioteca Nacional de Agricultura
041 _a(Pt)
072 _aH10
_b2120
_b4020
_b3877
090 _aH10 BR7806635
100 1 _aD'Antonio, A.M.
100 1 _aPaula, V. de
100 1 _aPaulini, A.E.
100 1 _aFerreira, A.J.
111 1 _a6. Congresso Brasileiro de Pesquisas Cafeeiras
_cRibeirao Preto, SP (Brazil)
_d24 Oct 1978
245 1 _aComparacao da eficiencia de piretroides sinteticos, em duas dosagens, no controle ao Bicho Mineiro das folhas do cafeeiro, Perileucoptera coffeella (Guerin-Meneville, 1842)(Lepidoptera - Lyonetiidae)
260 3 _aRio de Janeiro, RJ (Brasil):
_c1978.
500 _aResumos do 6. Congresso Brasileiro de Pesquisas Cafeeiras Rio de Janeiro, RJ (Brasil): 1978. p. 328-329 (BR7806635-AM)H10
650 _aCAFE
650 _aBICHO MINEIRO
650 _aINSETO
650 _aINSETICIDA
650 _aCONTROLE QUIMICO
773 0 _tResumos do 6. Congresso Brasileiro de Pesquisas Cafeeiras
_wH10 BR7806635
_gRio de Janeiro, RJ (Brasil), 1978. p. 328-329
909 _a202404
_bLucia
_c55
_dLucia Elande
942 _cAM
_2AGRIS
999 _c309867
_d309867